| 000 | 00682nam a2200229 a 4500 | ||
|---|---|---|---|
| 001 | 13631 | ||
| 003 | CO-ViMGA | ||
| 008 | 141112s2004 ck r 000 u spa d | ||
| 020 | _aMEVIGAEMP3956704 | ||
| 040 |
_aCO-ViMGA _bspa _cCO-ViMGA |
||
| 082 | 0 | 4 | _a171.5 M45i |
| 100 | 1 |
_aStuart, Mill John _919875 |
|
| 245 | 1 | 0 | _aUtilitarianismo |
| 260 |
_aLondon : _bJ.M New york Dutton, _c1962 |
||
| 490 | _aEverymans library | ||
| 590 | _aForma de adquisición : DONACIO - - Proveedor : CORPES - - Fecha de adquisición : MAYO - 2001 | ||
| 650 | 1 | 4 | _aética |
| 650 | 1 | 4 |
_aGOBIERNO REPRESENTATIVO _919876 |
| 650 | 1 | 4 |
_aLIBERTAD _919877 |
| 650 | 1 | 4 |
_aUTILITARISMO _919878 |
| 942 |
_2ddc _cBK |
||
| 999 |
_c24355 _d24355 |
||